000 00628cam a22002053a 4500
001 44677
003 PGUSA
005 20140828084023.0
008 140115s2014||||xxu|||||s|||||000 | eng d
040 _aPGUSA
_beng
042 _adc
100 1 _aBrockhaus, Heinrich Eduard
245 1 0 _aFriedrich Arnold Brockhaus - Erster Theil :
_bSein Leben und Wirken
_h[electronic resource] /
_cHeinrich Eduard Brockhaus
260 _bProject Gutenberg,
_c2014
506 _aPublic domain in the USA.
516 _aElectronic text
830 0 _aProject Gutenberg
_v44677
856 4 0 _uhttp://www.gutenberg.org/ebooks/44677
942 _cEB
999 _c273928
_d273928